| 000 | 01005cam a22003011a 4500 | ||
|---|---|---|---|
| 001 | agr67000157 | ||
| 003 | DLC | ||
| 005 | 20260227111026.0 | ||
| 008 | 760503s1967 dcuabd b f000 0 eng | ||
| 010 | _aagr67000157 | ||
| 035 | _a(OCoLC)2153063 | ||
| 040 |
_aDLC _cMiAdC _dMiAdC _dDNAL _dOCoLC _dDLC |
||
| 042 | _apremarc | ||
| 043 | _an-usc-- | ||
| 050 | 0 | 0 |
_aHD1751 _b.A91854 no. 108 |
| 070 | 0 |
_aA281.9 _bAg8A no.108 |
|
| 072 | 0 | _aE100 | |
| 082 | _a330.977 | ||
| 100 | 1 |
_aLoomis, Ralph A. _q(Ralph Arthur), _d1922- |
|
| 245 | 1 | 3 |
_aAn economic survey of the Northern Lake States Region / _c[by R.A. Loomis and M.E. Wirth]. |
| 260 |
_aWashington, D.C. : _bEconomic Research Service, U.S. Dept. of Agriculture, _c1967. |
||
| 300 |
_axiv, 132 p. : _bill., charts, maps ; _c26 cm. |
||
| 440 | 0 |
_aAgricultural economic report ; _vno. 108 |
|
| 500 | _aCover title. | ||
| 504 | _aBibliography: p. 115-122. | ||
| 651 | 0 |
_aLake States _xEconomic conditions. |
|
| 700 | 1 |
_aWirth, M. E. _q(Myron E.), _d1928- |
|
| 999 |
_c12200 _d12200 |
||